Các định luật trong hoá học

Bằng những mẩu chuyện vui trong cuộc sống và học tập đã giải thích những định luật và các hiện tượng hoá học xẩy ra xung quanh ta; Bản chất và lịch sử các phát minh khoa học về hoá học

Uloženo v:
Podrobná bibliografie
Hlavní autor: Manôlốp, K.
Další autoři: Lazarốp, D. (Tác giả), Nguyễn Trọng Thể (Dịch), Lilốp, I. (Tác giả)
Médium: Kniha
Jazyk:Vietnamese
Vydáno: H. Khoa học và kỹ thuật 1983
Témata:
Tagy: Přidat tag
Žádné tagy, Buďte první, kdo otaguje tento záznam!
Thư viện lưu trữ: Mạng thư viện Đại học Đà Nẵng
LEADER 01543nam a22003978a 4500
001 000008482
003 4671
005 20120314080336.0
008 111018s1983 b 000 0 od
020 |c 7500đ  |d 6100b 
041 0 |a dịch Nga 
041 0 |a vie 
082 |a 541.2  |b MA-K 
084 |a D111  |b C101Đ 
100 1 |a Manôlốp, K. 
245 1 0 |a Các định luật trong hoá học  |c K. Manôlốp, D. Lazarốp, I.Lilốp ; Dịch: Nguyễn Trọng Thể 
260 |a H.  |b Khoa học và kỹ thuật  |c 1983 
300 |a 275tr  |c 19cm 
500 |a Nguyên bản tiếng Bungari 
520 |a Bằng những mẩu chuyện vui trong cuộc sống và học tập đã giải thích những định luật và các hiện tượng hoá học xẩy ra xung quanh ta; Bản chất và lịch sử các phát minh khoa học về hoá học 
653 |a Hoá học 
653 |a định luật 
700 1 |a Lazarốp, D.  |e Tác giả 
700 1 |a Nguyễn Trọng Thể  |e Dịch 
700 1 |a Lilốp, I.  |e Tác giả 
910 |a Nguyễn Thị Kim Oanh  |d 18/10/2011 
OWN |a LSP 
AVA |a UDN50  |b LSP  |d 541.2 MA-K  |e available  |t Error 5001 Not defined in file expand_doc_bib_avail.  |f 4  |g 1  |h N  |i 0  |k 1 
999 |a From the UDN01 
AVA |a UDN50  |b LSP  |d 541.2 MA-K  |e available  |t Error 5001 Not defined in file expand_doc_bib_avail.  |f 4  |g 1  |h N  |i 0  |k 1 
TYP |a Monograph 
TYP |a Printed language 
980 |a Mạng thư viện Đại học Đà Nẵng